[Event "25th Czech Rapid G1 2014"]
[Site "Pardubice CZE"]
[Date "2014.07.17"]
[Round "8.29"]
[White "Freisler, Pavel"]
[Black "Krouzel, Jaroslav"]
[Result "1-0"]
[WhiteTitle "IM"]
[BlackTitle "FM"]
[WhiteElo "2301"]
[BlackElo "2125"]
[WhiteFideId "301477"]
[BlackFideId "301566"]
[EventDate "2014.07.16"]

1. Nf3 f5 2. d4 Nf6 3. g3 d6 4. Bg2 g6 5. O-O Bg7 6. b3 O-O 7. Bb2 Ne4 8. Nbd2
Nxd2 9. Qxd2 Nd7 10. c4 Nf6 11. d5 Bd7 12. Nd4 Qe8 13. Rac1 c6 14. Rfd1 a6 15.
e3 c5 16. Ne6 Bxe6 17. dxe6 Rb8 18. b4 b6 19. a3 Qc8 20. Bd5 Nxd5 21. cxd5 Bxb2
22. Qxb2 c4 23. b5 Qc5 24. a4 axb5 25. axb5 Rfc8 26. Rd4 c3 27. Qe2 Ra8 28. h4
Qa3 29. Rc2 Qb3 30. h5 Ra1+ 31. Rd1 Rxd1+ 32. Qxd1 Ra8 33. h6 Qc4 34. Qd4 Qxd4
35. exd4 Ra3 36. Kf1 1-0

[Event "25th Czech Rapid G1 2014"]
[Site "Pardubice CZE"]
[Date "2014.07.17"]
[Round "8.30"]
[White "Gorbatov, Alexej"]
[Black "Zpevakova, Jana"]
[Result "1-0"]
[WhiteTitle "IM"]
[WhiteElo "2358"]
[BlackElo "2016"]
[WhiteFideId "4111834"]
[BlackFideId "334030"]
[EventDate "2014.07.16"]

1. c4 Nf6 2. Nc3 g6 3. e4 Bg7 4. d4 d6 5. f4 O-O 6. Nf3 c5 7. d5 Na6 8. Bd3 Nc7
9. O-O Bd7 10. e5 Nfe8 11. h3 Rb8 12. Qe2 a6 13. a4 e6 14. a5 b5 15. axb6 Rxb6
16. Be3 Qe7 17. exd6 Nxd6 18. Bxc5 Rb3 19. Ne4 Rxb2 20. Bxd6 Qd8 21. Qd1 Re8 22.
Be5 Bxe5 23. fxe5 Kg7 24. Nf6 Rf8 25. Qc1 Rb3 26. Bc2 Rc3 27. Qd2 Rxc4 28. Bb3
Rc5 29. Qg5 Nxd5 30. Bxd5 exd5 31. Nxd7 Qxd7 32. Qf6+ Kg8 33. Nd4 Qd8 34. Rxa6
Rc4 35. Qxd8 Rxd8 36. Rd6 Rcc8 37. Rxd8+ Rxd8 38. Rf6 Re8 39. Nc6 Re6 40. Kf2
Kg7 41. Rxe6 fxe6 42. Nd8 g5 43. Nxe6+ Kg6 44. g4 h6 45. Ke3 Kf7 46. Nd4 1-0

[Event "25th Czech Rapid G1 2014"]
[Site "Pardubice CZE"]
[Date "2014.07.17"]
[Round "8.31"]
[White "Galchenko, Matvei"]
[Black "Shalimov, Valery"]
[Result "1/2-1/2"]
[BlackTitle "IM"]
[WhiteElo "1878"]
[BlackElo "2412"]
[WhiteFideId "34135992"]
[BlackFideId "14104881"]
[EventDate "2014.07.16"]

1. Nf3 d5 2. g3 c6 3. Bg2 Bg4 4. d3 Nd7 5. O-O e5 6. e4 dxe4 7. dxe4 Ngf6 8.
Nbd2 Be7 9. c3 O-O 10. Qc2 Qc7 11. a4 a5 12. Re1 Rfd8 13. Nc4 Be6 14. Ne3 Nc5
15. Nf5 Nd3 16. Nxe7+ Qxe7 17. Re3 Nxc1 18. Rxc1 Qc5 19. b3 Rd6 20. Ne1 Qb6 21.
c4 Qc7 22. Nd3 Rd4 23. Nc5 Qd6 24. Nxe6 Qxe6 25. Qc3 c5 26. f4 b6 27. Rf1 Rad8
28. h3 h6 29. Kh2 exf4 30. Rxf4 Nd7 31. e5 Nxe5 32. Bd5 Qd6 33. Rxd4 cxd4 34.
Qxd4 Ng6 35. Rf3 Ne5 36. Rf5 Re8 37. Rxf7 Kh8 38. Rf2 Nd7 39. Rd2 Nf6 40. Kg2
Qb4 41. Qd3 Qc5 42. Re2 Rd8 43. Re5 Qa3 44. Qf3 Qb2+ 45. Re2 Qd4 46. Bf7 Qd1 47.
Bg6 Qd6 48. Bc2 Qc5 49. g4 Qd4 50. Bf5 Kg8 51. h4 Qd1 52. Qe3 Re8 53. Be6+ Kh8
54. g5 Nh5 55. Rf2 Qd6 56. Qf3 Qxe6 57. Qxh5 Qe4+ 58. Kh2 Qe5+ 59. Kh3 Rd8 60.
Qg6 Qd4 61. gxh6 Qe3+ 62. Kg2 Qe7 63. hxg7+ Qxg7 64. Qxg7+ Kxg7 65. Kg3 Kg6 66.
Rf3 Rd1 67. Re3 Kf5 68. h5 Rd6 69. Re8 Rd3+ 70. Kh4 Kf6 71. Rg8 Rxb3 72. Rg6+
Kf7 73. Rg4 Rb1 74. Kg5 Kg7 75. Kf5+ Kh6 76. Rg8 Rb4 77. Rh8+ Kg7 78. Rc8 Kh6
79. Rh8+ Kg7 80. Rc8 Kh6 81. Rh8+ Kg7 82. Rc8 Kh6 83. Ke5 Rxa4 84. Rh8+ Kg7 85.
Rc8 Rb4 86. Kd5 a4 87. Ra8 1/2-1/2

[Event "25th Czech Rapid G1 2014"]
[Site "Pardubice CZE"]
[Date "2014.07.17"]
[Round "8.32"]
[White "Yuffa, Daniil"]
[Black "Kratochvil, Karel"]
[Result "1-0"]
[WhiteTitle "IM"]
[WhiteElo "2447"]
[BlackElo "2164"]
[WhiteFideId "24131423"]
[BlackFideId "325546"]
[EventDate "2014.07.16"]

1. e4 e5 2. Nf3 Nf6 3. Nxe5 d6 4. Nf3 Nxe4 5. Nc3 Nxc3 6. dxc3 Be7 7. Bf4 Be6 8.
Qd2 Nc6 9. a3 h6 10. O-O-O Bf6 11. h3 O-O 12. g4 Ne5 13. Nd4 Bd5 14. Rg1 Nf3 15.
Nxf3 Bxf3 16. Be2 Bxe2 17. Qxe2 Bg5 18. Bxg5 Qxg5+ 19. Kb1 Rfe8 20. Qf3 b6 21.
Rd5 Qg6 22. Rf5 Rad8 23. Qb7 Re7 24. Qxa7 Qe6 25. Qa4 g6 26. Qf4 Kg7 27. Qd4+ f6
28. Rf3 Rde8 29. Re3 Qf7 30. Rge1 Rxe3 31. Rxe3 Re5 32. b3 Rd5 33. Qe4 Re5 34.
Qb7 Qe7 35. Kb2 Rxe3 36. fxe3 f5 37. gxf5 gxf5 38. Qf3 Qf6 39. a4 Kf7 40. b4 Ke7
41. Qc6 Kd8 42. a5 bxa5 43. bxa5 Qe5 44. a6 Qxe3 45. Qb7 1-0

[Event "25th Czech Rapid G1 2014"]
[Site "Pardubice CZE"]
[Date "2014.07.17"]
[Round "8.33"]
[White "Maslak, Alexander"]
[Black "Musat, Adrian"]
[Result "1-0"]
[BlackTitle "FM"]
[WhiteElo "2170"]
[BlackElo "2401"]
[WhiteFideId "4130871"]
[BlackFideId "1203452"]
[EventDate "2014.07.16"]

1. e4 c5 2. Nf3 d6 3. d4 cxd4 4. Nxd4 Nf6 5. Nc3 a6 6. Bg5 e6 7. f4 Be7 8. Qf3
Qc7 9. O-O-O Nbd7 10. g4 b5 11. a3 Bb7 12. Bxf6 Nxf6 13. g5 Nd7 14. f5 Bxg5+ 15.
Kb1 Ne5 16. Qh5 Bf6 17. Nxe6 Qe7 18. Nf4 O-O 19. Nfd5 Qd8 20. Be2 Rb8 21. Rhg1
Bxd5 22. Nxd5 a5 23. Rg3 g6 24. Rdg1 Kh8 25. Qh6 Bg7 26. Qg5 Qxg5 27. Rxg5 Nd7
28. Bd3 Be5 29. h4 b4 30. axb4 axb4 31. fxg6 fxg6 32. h5 gxh5 33. Rxh5 Rf7 34.
Bc4 Rg7 35. Rxg7 Bxg7 36. Ne3 Nc5 37. Bd5 Na4 38. Nc4 h6 39. Nxd6 Nxb2 40. Nf5
Na4 41. Nxh6 Nc3+ 42. Kc1 Bxh6+ 43. Rxh6+ Kg7 44. Rh5 Kf6 45. Kb2 Na4+ 46. Kb3
Nc5+ 47. Kc4 Nd7 48. Kd4 Re8 49. Rf5+ Ke7 50. e5 Rf8 51. Rxf8 Nxf8 52. Kc4 Ng6
53. Kd4 Kd7 54. Be4 Ne7 55. Bd5 Ng6 56. Bf7 Ne7 57. Kc5 Nc6 58. Be8+ 1-0

[Event "25th Czech Rapid G1 2014"]
[Site "Pardubice CZE"]
[Date "2014.07.17"]
[Round "8.34"]
[White "Shevchenko, Kirill"]
[Black "Novotny, Michal"]
[Result "0-1"]
[WhiteTitle "CM"]
[BlackTitle "FM"]
[WhiteElo "2100"]
[BlackElo "2354"]
[WhiteFideId "14129574"]
[BlackFideId "310980"]
[EventDate "2014.07.16"]

1. e4 e6 2. d4 d5 3. Nc3 Bb4 4. e5 c5 5. a3 Bxc3+ 6. bxc3 Ne7 7. Qg4 cxd4 8.
cxd4 Qc7 9. Kd1 Nf5 10. Nf3 Nc6 11. Bd3 h5 12. Qf4 Nce7 13. Bd2 Bd7 14. Bb4 Ba4
15. Ke2 Bxc2 16. Bb5+ Kf8 17. Rhc1 Qb6 18. a4 Be4 19. Bc5 Bxf3+ 20. gxf3 Qa5 21.
Bd3 Kg8 22. Rcb1 Qc3 23. Ra3 Ng6 24. Qxf5 Qxa3 25. Bxa3 exf5 26. Bxf5 b6 27. Rc1
Nf4+ 28. Ke3 Ne6 29. Rc6 Rh6 30. Rd6 Nc7 31. Rxh6 gxh6 32. Bd3 Rc8 33. f4 Ne6
34. Bb2 Nd8 35. f5 Nc6 36. Ba6 Rc7 37. Ba3 Nxe5 38. dxe5 Rc3+ 39. Kd4 Rxa3 40.
Kxd5 Rxa4 41. Be2 Rf4 42. f6 Rxf2 43. Bxh5 Rxh2 44. Bf3 Kf8 45. Kc6 Rb2 46. Kb7
a5 47. Bc6 h5 0-1

[Event "25th Czech Rapid G1 2014"]
[Site "Pardubice CZE"]
[Date "2014.07.17"]
[Round "8.35"]
[White "Nun, Jiri"]
[Black "Kutynec, Vladimir"]
[Result "1-0"]
[WhiteTitle "IM"]
[BlackTitle "IM"]
[WhiteElo "2351"]
[BlackElo "2305"]
[WhiteFideId "300179"]
[BlackFideId "4119843"]
[EventDate "2014.07.16"]

1. e4 d5 2. exd5 Qxd5 3. Nc3 Qa5 4. g3 h5 5. Nf3 Nc6 6. Bg2 Nf6 7. h3 Bf5 8. d3
e6 9. O-O O-O-O 10. a3 Nd5 11. Bd2 Nxc3 12. Bxc3 Qc5 13. Qe2 Be7 14. Nd2 Nd4 15.
Qd1 e5 16. Bb4 Qxc2 17. Bxe7 Rd7 18. Bg5 Bxd3 19. Be3 Bxf1 20. Qxf1 c6 21. Kh2
f5 22. Rc1 Qxb2 23. Nc4 Qe2 24. Nxe5 Qxf1 25. Rxf1 Nc2 26. Nxd7 Kxd7 27. Rd1+
Ke6 28. Bxa7 Nxa3 29. Bf1 Ra8 30. Bc5 Ra5 31. Bb4 Ra4 32. Bf8 Nc4 33. Bxg7 b5
34. Bg2 Ra6 35. Bf8 Kf7 36. Bc5 Kf6 1-0

[Event "25th Czech Rapid G1 2014"]
[Site "Pardubice CZE"]
[Date "2014.07.17"]
[Round "8.36"]
[White "Hoegener, Claude"]
[Black "Korinek, Ondrej"]
[Result "0-1"]
[BlackTitle "FM"]
[WhiteElo "2083"]
[BlackElo "2331"]
[WhiteFideId "4000978"]
[BlackFideId "319856"]
[EventDate "2014.07.16"]

1. d4 d5 2. Nf3 Nf6 3. c3 c6 4. Bg5 Qb6 5. Qc2 Bg4 6. Nbd2 Nbd7 7. e3 Bh5 8. Bd3
Bg6 9. O-O-O e6 10. e4 Be7 11. e5 Ng8 12. h4 Bxd3 13. Qxd3 h6 14. Be3 Bf8 15. g4
Ne7 16. c4 Qa6 17. Kb1 Nb6 18. Rc1 dxc4 19. Nxc4 Nxc4 20. Rxc4 Nd5 21. Rhc1 Nb6
22. R4c3 Qxd3+ 23. Rxd3 Be7 24. Rb3 O-O-O 25. Rd3 Rd5 26. Rcd1 Rd7 27. Kc2 Nd5
28. a3 Kb8 29. Rh1 h5 30. g5 g6 31. Rhd1 Bd8 32. Nd2 Ne7 33. Ne4 Nf5 34. Rh1 Be7
35. Ng3 Ng7 36. f4 Rhd8 37. Rhd1 Rd5 38. Bf2 b6 39. Ne4 Kb7 40. Nc3 R5d7 41. Ne4
Nf5 42. Kc3 a5 43. R1d2 Ng7 44. Rd1 Ne8 45. Kc2 Nc7 46. Nc3 b5 47. Ne2 Nd5 48.
Bg3 c5 49. Nc3 c4 50. Rf3 Nc7 51. Rf2 Rxd4 52. Rxd4 Rxd4 53. Ne2 Rd7 54. Nc3 Kc6
55. Re2 Nd5 56. Ne4 b4 57. axb4 axb4 58. Re1 Ra7 59. Nd2 Kb5 60. Nf3 Bc5 61. Rb1
Ra2 62. Nd2 Ne3+ 63. Kc1 Nf5 64. Be1 Be3 0-1

[Event "25th Czech Rapid G1 2014"]
[Site "Pardubice CZE"]
[Date "2014.07.17"]
[Round "8.37"]
[White "Bystrov, Sergej M."]
[Black "Soural, Jan"]
[Result "1-0"]
[WhiteTitle "IM"]
[WhiteElo "2280"]
[BlackElo "2234"]
[WhiteFideId "4118561"]
[BlackFideId "311928"]
[EventDate "2014.07.16"]

1. e4 c5 2. Nc3 e6 3. Bc4 Nc6 4. d3 g6 5. f4 Nge7 6. Nf3 Bg7 7. O-O O-O 8. a3 d5
9. Ba2 f5 10. Qe1 Nd4 11. Nxd4 cxd4 12. Nd1 Bd7 13. Kh1 Rc8 14. c3 Kh8 15. e5
Bb5 16. Rf3 Nc6 17. c4 dxc4 18. dxc4 Ba6 19. b4 b5 20. cxb5 Bxb5 21. Bxe6 Ne7
22. Bxc8 Qxc8 23. Bb2 Rd8 24. Rc1 Qb7 25. Nf2 d3 26. Rd1 Bc6 27. Rg3 Be4 28.
Nxd3 Qb5 29. Nc5 Rxd1 30. Qxd1 Nd5 31. h3 Qc4 32. Kh2 h6 33. Qd4 Qe2 34. Nxe4
fxe4 35. Qxd5 1-0

[Event "25th Czech Rapid G1 2014"]
[Site "Pardubice CZE"]
[Date "2014.07.17"]
[Round "8.38"]
[White "Dorst, Johannes"]
[Black "Rozhkov, Viacheslav"]
[Result "1/2-1/2"]
[BlackTitle "FM"]
[WhiteElo "2299"]
[BlackElo "2327"]
[WhiteFideId "4650433"]
[BlackFideId "4181484"]
[EventDate "2014.07.16"]

1. e4 c5 2. Nc3 Nc6 3. Bb5 Nd4 4. Bc4 g6 5. Nge2 Bg7 6. Nxd4 cxd4 7. Qf3 e6 8.
Nb5 d6 9. Qa3 Bf8 10. Nxd4 d5 11. Bb5+ Bd7 12. Bxd7+ Qxd7 13. Qf3 dxe4 14. Qxe4
Nf6 15. Qe3 Ng4 16. Qe4 Nf6 17. Qf4 Bg7 18. Nf3 Rc8 19. c3 Nd5 20. Qe4 f5 21.
Qh4 Bf6 22. Qh6 Bg7 23. Qg5 e5 24. d3 Bf6 25. Qd2 Nf4 26. O-O Nxd3 27. Rd1 e4
28. Ne1 Ne5 29. Qc2 Qc6 30. Qb3 Nc4 31. Bh6 a5 32. a4 g5 33. Nc2 Qb6 34. Qxb6
Nxb6 35. Rd6 Rc6 36. Rad1 Ke7 37. Rxc6 bxc6 38. h4 gxh4 39. Be3 Nd7 40. Bf4 Rg8
41. Ne3 Be5 42. Bxe5 Nxe5 43. Nxf5+ Kf6 44. Nxh4 Rb8 45. Re1 Rxb2 46. Rxe4 Nd3
47. f3 Kg5 48. Rg4+ Kh5 49. Nf5 Ne1 50. Rg7 Nxf3+ 51. gxf3 Rc2 52. Nd4 Rxc3 53.
Rxh7+ Kg5 54. Rc7 Rc4 55. Rxc6 Rxd4 56. Rc5+ Kf4 57. Rxa5 Kxf3 58. Ra8 Rd1+ 59.
Kh2 Rd2+ 60. Kh3 Rd7 61. Kh4 Ke4 62. a5 Kd5 63. a6 Kc6 64. a7 Kb7 65. Rg8 Kxa7 1/2-1/2

[Event "25th Czech Rapid G1 2014"]
[Site "Pardubice CZE"]
[Date "2014.07.17"]
[Round "8.39"]
[White "Priasmoro, Novendra"]
[Black "Foermes, Alexander"]
[Result "1-0"]
[WhiteElo "2282"]
[BlackElo "2035"]
[WhiteFideId "7105029"]
[BlackFideId "24605255"]
[EventDate "2014.07.16"]

1. e4 e6 2. d4 d5 3. Nc3 Bb4 4. e5 c5 5. Bd2 Ne7 6. Nb5 Bxd2+ 7. Qxd2 O-O 8.
dxc5 Nd7 9. f4 Nxc5 10. Bd3 Nxd3+ 11. Qxd3 f6 12. exf6 Rxf6 13. Ne2 Bd7 14. Nbd4
Qb6 15. O-O-O Be8 16. Qb3 Qxb3 17. axb3 a5 18. Kd2 Bh5 19. g3 Nc6 20. Nxc6 bxc6
21. Rde1 g5 22. Nd4 gxf4 23. Rxe6 Rxe6 24. Nxe6 fxg3 25. hxg3 Bg6 26. Nf4 Be4
27. Rh6 a4 28. bxa4 Rxa4 29. Rxc6 Rd4+ 30. Ke2 Ra4 31. b3 Ra2 32. Kd2 Ra1 33.
Ne2 Rh1 34. b4 Rb1 35. c3 Rb2+ 36. Ke3 Bg2 37. Nd4 Be4 38. b5 Rb1 39. b6 Re1+
40. Kf4 Rf1+ 41. Ke5 Rb1 42. Rc8+ Kf7 43. Rc7+ Kg6 44. b7 Rb6 45. Nc6 1-0

[Event "25th Czech Rapid G1 2014"]
[Site "Pardubice CZE"]
[Date "2014.07.17"]
[Round "8.40"]
[White "Pinter, Erik"]
[Black "Valenta, Vit"]
[Result "1-0"]
[WhiteTitle "IM"]
[BlackTitle "FM"]
[WhiteElo "2354"]
[BlackElo "2132"]
[WhiteFideId "14902826"]
[BlackFideId "307440"]
[EventDate "2014.07.16"]

1. e4 e5 2. Nf3 Nc6 3. Bb5 a6 4. Ba4 Nf6 5. O-O Be7 6. Re1 b5 7. Bb3 O-O 8. a4
b4 9. a5 d6 10. d3 Bg4 11. Be3 d5 12. h3 Bh5 13. Nbd2 dxe4 14. dxe4 Nd4 15. g4
Nxf3+ 16. Nxf3 Bg6 17. Qxd8 Bxd8 18. Nxe5 Bxe4 19. Bc5 Bd5 20. Bxd5 Nxd5 21.
Bxf8 1-0

[Event "25th Czech Rapid G1 2014"]
[Site "Pardubice CZE"]
[Date "2014.07.17"]
[Round "8.41"]
[White "Petuchov, Sergej"]
[Black "Musaev, Rasul"]
[Result "1-0"]
[BlackTitle "FM"]
[WhiteElo "2119"]
[BlackElo "2281"]
[WhiteFideId "309567"]
[BlackFideId "24146870"]
[EventDate "2014.07.16"]

1. e4 e6 2. Qe2 Be7 3. d4 d5 4. e5 c5 5. Qg4 Kf8 6. Nf3 Nc6 7. c3 Bd7 8. Be2 Rc8
9. O-O cxd4 10. cxd4 h5 11. Qf4 Nh6 12. Nc3 Kg8 13. Bd3 Be8 14. Rd1 a6 15. a4
Na5 16. Bc2 Qb6 17. Rb1 Nc4 18. h4 Qc6 19. Bd3 b5 20. axb5 axb5 21. Nxb5 Qxb5
22. b3 Qa5 23. bxc4 dxc4 24. Bc2 Bc6 25. Ng5 Bd5 26. Ne4 c3 27. Be3 Rd8 28. Nf6+
Bxf6 29. exf6 g6 30. Qg5 Nf5 31. Ra1 Qc7 32. Bf4 Qb7 33. Rdb1 Qd7 34. Ra5 Kf8
35. Rc5 Nxd4 36. Rc7 Qe8 37. Re7 Ne2+ 38. Kh2 Qc6 39. Rxf7+ Ke8 40. Re7+ Kf8 41.
Qxg6 1-0

[Event "25th Czech Rapid G1 2014"]
[Site "Pardubice CZE"]
[Date "2014.07.17"]
[Round "8.43"]
[White "Vokoun, Jan"]
[Black "Lokander, Martin"]
[Result "0-1"]
[WhiteTitle "FM"]
[BlackTitle "FM"]
[WhiteElo "2195"]
[BlackElo "2309"]
[WhiteFideId "301647"]
[BlackFideId "1709569"]
[EventDate "2014.07.16"]

1. e4 c5 2. c3 e6 3. d4 d5 4. e5 Nc6 5. Nf3 Nh6 6. Bd3 f6 7. Bxh6 gxh6 8. exf6
Qxf6 9. O-O Bd7 10. Na3 O-O-O 11. dxc5 e5 12. Be2 Rg8 13. Kh1 Bxc5 14. b4 Bb6
15. b5 Ne7 16. c4 e4 17. Ne1 d4 18. c5 Bxc5 19. Rc1 b6 20. Qa4 Kb8 21. Bc4 Rg5
22. f3 Qf4 23. Rc2 Rh5 24. g3 Qe3 25. Nb1 d3 26. Rcf2 Nf5 27. Kg2 Qg5 28. fxe4
Rxh2+ 29. Kxh2 Qxg3+ 30. Kh1 Qh3+ 31. Kg1 Ng3 0-1

[Event "25th Czech Rapid G1 2014"]
[Site "Pardubice CZE"]
[Date "2014.07.17"]
[Round "8.44"]
[White "Keilhack, Harald"]
[Black "Kratochvil, Milan"]
[Result "1-0"]
[WhiteTitle "FM"]
[WhiteElo "2250"]
[BlackElo "2195"]
[WhiteFideId "4601904"]
[BlackFideId "331015"]
[EventDate "2014.07.16"]

1. Nf3 Nf6 2. c4 e6 3. g3 d5 4. d4 dxc4 5. Bg2 c5 6. O-O Nc6 7. dxc5 Qxd1 8.
Rxd1 Bxc5 9. Nbd2 c3 10. bxc3 O-O 11. Nb3 Bb6 12. Nfd4 Nxd4 13. cxd4 Rd8 14. a4
a5 15. Ba3 Nd5 16. Rdc1 Bd7 17. Nc5 Bc6 18. e3 h6 19. Bf1 Nb4 20. Bb5 Bd5 21.
Nd7 Ba7 22. Rc7 Rac8 23. Rac1 Rxc7 24. Rxc7 Bb8 25. Nxb8 Rxb8 26. Rc1 Bf3 27.
Kf1 h5 28. Be2 Bxe2+ 29. Kxe2 b5 30. axb5 Rxb5 31. Rc8+ Kh7 32. Rc5 Rb7 33.
Rxh5+ Kg6 34. Rxa5 Nd5 35. e4 Nf6 36. f3 Rb1 37. h4 Ra1 38. g4 Kh7 39. Ke3 Re1+
40. Kf4 Rh1 41. h5 Rd1 42. Bc5 Rd3 43. Ra7 Kg8 44. Ra8+ Kh7 45. Rf8 g5+ 46. Kxg5
Rxf3 47. Rxf7+ 1-0

[Event "25th Czech Rapid G1 2014"]
[Site "Pardubice CZE"]
[Date "2014.07.17"]
[Round "8.45"]
[White "Lebediantsev, Ruslan"]
[Black "Semenova, Elena1"]
[Result "1/2-1/2"]
[BlackTitle "WIM"]
[WhiteElo "2145"]
[BlackElo "2215"]
[WhiteFideId "24135755"]
[BlackFideId "24125148"]
[EventDate "2014.07.16"]

1. e4 e5 2. Nf3 Nc6 3. Bb5 a6 4. Bxc6 dxc6 5. O-O f6 6. d4 exd4 7. Nxd4 c5 8.
Ne2 Qxd1 9. Rxd1 Bd7 10. Bf4 O-O-O 11. Nbc3 Ne7 12. Rd2 Re8 13. Rad1 Bc6 14. Nd5
Nxd5 15. exd5 Bd7 16. d6 Bxd6 17. Bxd6 cxd6 18. Nc3 Bf5 19. Rxd6 Bxc2 20. Rc1
Re7 21. h3 Bg6 22. Nd5 Re2 23. Rxc5+ Kb8 24. Rb6 Rd8 25. Rc7 Rxd5 26. Rbxb7+ Ka8
27. Ra7+ Kb8 28. Rab7+ Ka8 29. Ra7+ Kb8 1/2-1/2

[Event "25th Czech Rapid G1 2014"]
[Site "Pardubice CZE"]
[Date "2014.07.17"]
[Round "8.46"]
[White "Travkina, Anastasia"]
[Black "Rous, Daniel"]
[Result "1-0"]
[WhiteTitle "WFM"]
[WhiteElo "2200"]
[BlackElo "2160"]
[WhiteFideId "24129151"]
[BlackFideId "338150"]
[EventDate "2014.07.16"]

1. e4 c5 2. Nf3 d6 3. d4 cxd4 4. Nxd4 Nf6 5. Nc3 a6 6. h3 b5 7. g4 Bb7 8. Bg2 e5
9. Nf5 g6 10. Ne3 Nc6 11. g5 b4 12. gxf6 bxc3 13. Nd5 Nd4 14. bxc3 Bxd5 15. cxd4
Bc4 16. Qf3 exd4 17. Bd2 Qb6 18. Bf1 Bxf1 19. Kxf1 h5 20. Kg2 Rb8 21. Rab1 Qa7
22. Qa3 Bh6 23. Bxh6 Rxh6 24. Qxd6 Rd8 25. Qc6+ Qd7 26. Qxa6 Kf8 27. Rb7 Qc8 28.
Qa3+ Kg8 29. Qe7 Rh7 30. Rhb1 Re8 31. Qd7 Qxd7 1-0

[Event "25th Czech Rapid G1 2014"]
[Site "Pardubice CZE"]
[Date "2014.07.17"]
[Round "8.48"]
[White "Chovanec, Vladimir"]
[Black "Yakimenko, Alexander A."]
[Result "1/2-1/2"]
[WhiteElo "2100"]
[BlackElo "2142"]
[WhiteFideId "14907860"]
[BlackFideId "24141917"]
[EventDate "2014.07.16"]

1. e4 e6 2. d3 d5 3. Nd2 Be7 4. Ngf3 Nf6 5. g3 b6 6. Bg2 Bb7 7. e5 Nfd7 8. O-O
c5 9. a3 Qc7 10. Re1 Nc6 11. Qe2 h6 12. c3 g5 13. h3 Bf8 14. Nf1 Bg7 15. d4 c4
16. h4 gxh4 17. Nxh4 O-O-O 18. Bf4 Ne7 19. a4 Nf8 20. Reb1 Kb8 21. b3 Rc8 22.
Nd2 cxb3 23. Rxb3 Nfg6 24. Nxg6 Nxg6 25. a5 b5 26. Qxb5 Ka8 27. a6 Bc6 28. Qd3
Nxf4 29. gxf4 Rhg8 30. Rab1 f5 31. Rb7 Qa5 32. Re7 Rce8 33. Rxe8+ Rxe8 34. Nb3
Qa3 35. Nc5 Bf8 36. Rb3 Qc1+ 37. Kh2 Qxf4+ 38. Kg1 Bxc5 39. dxc5 Rg8 40. Qd4 1/2-1/2

[Event "25th Czech Rapid G1 2014"]
[Site "Pardubice CZE"]
[Date "2014.07.17"]
[Round "8.49"]
[White "Blecha, Miroslav"]
[Black "Duda, Antonin"]
[Result "0-1"]
[WhiteElo "2225"]
[BlackElo "2055"]
[WhiteFideId "311758"]
[BlackFideId "326720"]
[EventDate "2014.07.16"]

1. e4 c6 2. d4 d5 3. Nc3 dxe4 4. Nxe4 Nf6 5. Nxf6+ gxf6 6. Be3 Bf5 7. Bd3 Bg6 8.
Qd2 e6 9. O-O-O Bd6 10. Ne2 Nd7 11. Ng3 f5 12. Rhe1 Qc7 13. Bg5 h6 14. Bxh6 Rxh6
15. Kb1 Rxh2 16. Bxf5 Bxf5 17. Nxf5 O-O-O 18. Ne3 Bf4 19. Rg1 Nf6 20. g3 Ne4 21.
Qe1 Nxf2 22. Rd2 Bxe3 23. Qxe3 Ng4 24. Qg5 Rxd2 25. Qxd2 Qd6 26. c3 Qd5 27. Qe2
Qf5+ 28. Ka1 Rh8 29. Rf1 Rh2 30. Qd1 Qb5 31. Qc1 f5 32. Re1 Qd5 33. a3 Nf2 34.
Qd2 Ng4 35. Qc1 Qf3 36. Rxe6 Rh1 37. Re1 Nf2 38. Ka2 Nd3 39. Re8+ Kd7 40. Qe3
Qd5+ 41. b3 Rh2+ 0-1

[Event "25th Czech Rapid G1 2014"]
[Site "Pardubice CZE"]
[Date "2014.07.17"]
[Round "8.50"]
[White "Jelinek, Vaclav"]
[Black "Gergel, Vladimir P"]
[Result "1/2-1/2"]
[BlackTitle "FM"]
[WhiteElo "1973"]
[BlackElo "2227"]
[WhiteFideId "317454"]
[BlackFideId "14100550"]
[EventDate "2014.07.16"]

1. g3 f5 2. Bg2 Nf6 3. Nf3 g6 4. O-O Bg7 5. c4 O-O 6. Nc3 d6 7. d3 e5 8. Qb3 c5
9. Bg5 h6 10. Bxf6 Bxf6 11. Nd5 Bg7 12. Nd2 Nc6 13. e3 Rf7 14. Nb1 g5 15. Nbc3
f4 16. Qd1 Be6 17. Re1 Qd7 18. a3 Raf8 19. Rc1 f3 20. Bh1 g4 21. b4 b6 22. b5
Ne7 23. e4 Kh7 24. a4 h5 25. a5 Bxd5 26. cxd5 h4 27. axb6 axb6 28. Ra1 Nc8 29.
Ra6 Bf6 30. Qb3 Bd8 31. Nd1 hxg3 32. hxg3 Kg6 33. Ne3 Rh8 34. Nf5 Rfh7 35. Bg2
fxg2 36. Kxg2 Rh2+ 37. Kf1 Rh1+ 38. Ke2 Rxe1+ 39. Kxe1 Bg5 40. Ke2 Qh7 41. Qd1
Qd7 42. Qa4 Rh1 43. Ra8 Rh8 44. Qa6 Rd8 45. Rb8 Qe8 46. Qb7 Bf6 47. Qc6 Qh8 48.
Qc7 c4 49. Rb7 cxd3+ 50. Kxd3 Qh1 51. Qf7+ Kg5 52. Ne3 Qb1+ 53. Nc2 Qxb5+ 54.
Ke3 Qe8 55. Qh7 Qh8 56. Qf5+ Kh6 57. Qxg4 Ne7 58. Ke2 Qe8 59. Qf3 Ng8 60. Ne3
Qb5+ 61. Ke1 Qb1+ 62. Ke2 Qb5+ 63. Ke1 Rd7 64. Nf5+ Kg6 65. Qg4+ Bg5 66. Nh4+
Kh6 67. Qxd7 Qb1+ 68. Ke2 Qxe4+ 69. Kf1 Qh1+ 70. Ke2 Qe4+ 71. Kf1 Qh1+ 72. Ke2 1/2-1/2

[Event "25th Czech Rapid G1 2014"]
[Site "Pardubice CZE"]
[Date "2014.07.17"]
[Round "8.51"]
[White "Jeitz, Christian"]
[Black "Scherbakov, Mikhail"]
[Result "1/2-1/2"]
[WhiteElo "2189"]
[BlackElo "1854"]
[WhiteFideId "4000803"]
[BlackFideId "34130184"]
[EventDate "2014.07.16"]

1. e4 c5 2. Nf3 g6 3. c4 Nc6 4. d4 cxd4 5. Nxd4 Nf6 6. Nc3 d6 7. Be2 Nxd4 8.
Qxd4 Bg7 9. Be3 O-O 10. Qd2 a5 11. O-O a4 12. Rac1 Qa5 13. f3 Be6 14. Rfd1 Rfc8
15. Nd5 Qxd2 16. Rxd2 Nxd5 17. exd5 Bd7 18. Rcd1 Rab8 19. Kf2 b5 20. b3 axb3 21.
axb3 bxc4 22. bxc4 Rb3 23. Ra2 Rcb8 1/2-1/2

[Event "25th Czech Rapid G1 2014"]
[Site "Pardubice CZE"]
[Date "2014.07.17"]
[Round "8.52"]
[White "Shuvalova, Polina"]
[Black "Bjornsson, Tomas"]
[Result "1-0"]
[WhiteTitle "WFM"]
[BlackTitle "FM"]
[WhiteElo "2108"]
[BlackElo "2144"]
[WhiteFideId "24171760"]
[BlackFideId "2300303"]
[EventDate "2014.07.16"]

1. e4 e6 2. d4 d5 3. Nd2 Nf6 4. e5 Nfd7 5. f4 c5 6. c3 Nc6 7. Ndf3 Qb6 8. g3 a6
9. Kf2 cxd4 10. cxd4 Be7 11. Kg2 O-O 12. Bd3 f6 13. Ne2 Qd8 14. Be3 Nb6 15. b3
Bd7 16. Rc1 Rc8 17. exf6 Bxf6 18. Ne5 Qe7 19. Bb1 Na8 20. h4 Nc7 21. Qd3 g6 22.
h5 Bxe5 23. fxe5 Be8 24. Qd2 gxh5 25. Bg5 Qd7 26. Bf6 Ne7 27. Qg5+ Ng6 28. Rxh5
Qb5 29. Nf4 1-0